|
|
|
|
| LEADER |
00000nam a2200000 i 4500 |
| 001 |
DIGUPERCA0154 |
| 003 |
NyNyDIG |
| 007 |
cr ||||||||||| |
| 008 |
250709s2017 pe a o 000 1 spa d |
| 006 |
m o d |
| 035 |
|
|
|a (OCoLC)1527823038
|
| 040 |
|
|
|a DGITA
|b eng
|e rda
|e pn
|c DGITA
|
| 020 |
|
|
|a 9786123181130
|q versión pdf
|
| 020 |
|
|
|a 9786123181147
|q versiones epub y mobi
|
| 020 |
|
|
|z 9786123181093
|q versión impresa
|
| 024 |
7 |
|
|a 10.19083/978-612-318-109-3
|2 doi
|
| 050 |
1 |
4 |
|a PN1997.2 ebook
|
| 100 |
1 |
|
|a Calero, Joel,
|e author.
|
| 245 |
1 |
3 |
|a La última tarde :
|b guion cinematográfico /
|c Joel Calero ; prólogo de Paz Alicia Garciadiego.
|
| 250 |
|
|
|a Primera edición.
|
| 250 |
|
|
|a Versión e-book.
|
| 264 |
|
1 |
|a Lima, Perú :
|b Editorial UPC,
|c [2017]
|
| 300 |
|
|
|a 1 online resource :
|b illustrations.
|
| 336 |
|
|
|a text
|b txt
|2 rdacontent
|
| 337 |
|
|
|a computer
|b c
|2 rdamedia
|
| 338 |
|
|
|a online resource
|b cr
|2 rdacarrier
|
| 347 |
|
|
|a text file
|2 rdaft
|
| 347 |
|
|
|b PDF
|
| 347 |
|
|
|b EPUB
|
| 588 |
0 |
|
|a Online resource; title from ePub title page (Digitalia, viewed July 9, 2025)
|
| 650 |
|
0 |
|a Motion picture plays, Peruvian.
|
| 700 |
1 |
|
|a Garciadiego, Paz Alicia,
|d 1949-
|e contributor agent of text.
|
| 791 |
2 |
|
|a Digitalia (Firm),
|e distributor.
|
| 793 |
0 |
|
|g Digitalia eBook Collection:
|a Universidad Peruana de Ciencias Aplicadas
|
| 776 |
0 |
8 |
|i Print version:
|a Calero, Joel.
|t Última tarde.
|b Primera edición.
|d Lima, Perú : Editorial UPC, [2017]
|z 9786123181093
|
| 856 |
4 |
0 |
|3 Digitalia Hispánica
|u https://www.digitaliapublishing.com/a/171481/
|
| 910 |
|
|
|a Premium collection: 2025
|